[Event "GRE-chT Online Rapid op 1st"]
[Site "Tornelo INT"]
[Date "2021.02.21"]
[Round "5.7"]
[White "Papadopoulos, Asterios"]
[Black "Georgilakis, Konstantinos"]
[Result "1/2-1/2"]
[WhiteElo "1880"]
[BlackElo "2161"]
[PlyCount "125"]
[EventDate "2021.02.20"]
[EventType "team-swiss (rapid)"]
[EventRounds "9"]
[EventCountry "GRE"]
[SourceTitle "EXT 2023"]
[Source "ChessBase"]
[SourceDate "2022.10.05"]
[SourceVersion "1"]
[SourceVersionDate "2022.10.05"]
[SourceQuality "1"]

1. Nf3 d5 2. e3 Nf6 3. c4 e6 4. d4 Be7 5. Nc3 0-0 6. Bd3 dxc4 7. Bxc4 a6 8. a4 c5 9. 0-0 Nc6 10. dxc5 Qc7 11. e4 Bxc5 12. Qe2 Nd4 13. Nxd4 Bxd4 14. Kh1 b6 15. Bg5 h6 16. Bh4 Bb7 17. Rac1 Bxc3 18. Rxc3 Nxe4 19. Re3 Nc5 20. b4 Nxa4 21. Qg4 Kh8 22. Bf6 gxf6 23. Rh3 Kh7 24. Qh4 Bxg2+ 25. Kxg2 Rg8+ 26. Kh1 Rg6 27. Bd3 f5 28. Be2 Qd8 29. Bh5 Rg7 30. Qf4 Qg5 31. Qxg5 Rxg5 32. Bxf7 e5 33. Bb3 b5 34. Bxa4 bxa4 35. Ra3 Rg6 36. Rxa4 Rb8 37. Rfa1 Rbb6 38. Ra5 Rge6 39. f4 exf4 40. Rxf5 Rxb4 41. Kg2 Kg6 42. Rfa5 Rbb6 43. Kf3 Rf6 44. R1a3 h5 45. R5a4 Kg5 46. Ra5+ Rf5 47. h4+ Kg6 48. Rxa6 Rbf6 49. Rxf6+ Kxf6 50. Ra6+ Ke5 51. Ra5+ Kf6 52. Ra4 Rb5 53. Rxf4+ Kg6 54. Ra4 Rb3+ 55. Kg2 Kf5 56. Kh2 Re3 57. Ra5+ Kg4 58. Ra4+ Kf3 59. Ra5 Kg4 60. Ra4+ Kf5 61. Ra5+ Kg6 62. Ra6+ Kf5 63. Ra5+ 1/2-1/2

[Event "GRE-chT Online Rapid op 1st"]
[Site "Tornelo INT"]
[Date "2021.02.21"]
[Round "7.10"]
[White "Papadopoulos, Asterios"]
[Black "Trifonas, Spyridon"]
[Result "1-0"]
[WhiteElo "1880"]
[BlackElo "1837"]
[PlyCount "115"]
[EventDate "2021.02.20"]
[EventType "team-swiss (rapid)"]
[EventRounds "9"]
[EventCountry "GRE"]
[SourceTitle "EXT 2023"]
[Source "ChessBase"]
[SourceDate "2022.10.05"]
[SourceVersion "1"]
[SourceVersionDate "2022.10.05"]
[SourceQuality "1"]

1. e4 d6 2. d4 Nf6 3. Nc3 e5 4. dxe5 dxe5 5. Qxd8+ Kxd8 6. Nf3 Bd6 7. Bc4 Be6 8. Bxe6 fxe6 9. h3 Nc6 10. Be3 a6 11. 0-0-0 Ke7 12. Kb1 b5 13. a3 Rhb8 14. g4 a5 15. g5 Nd7 16. a4 bxa4 17. Nxa4 Rb4 18. Nc3 a4 19. Nd2 Rab8 20. b3 axb3 21. cxb3 Na5 22. Kc2 Nxb3 23. Nxb3 Rxb3 24. Rb1 Rxb1 25. Rxb1 Rxb1 26. Kxb1 Bc5 27. Bxc5+ Nxc5 28. Kc2 c6 29. h4 h6 30. gxh6 gxh6 31. Kd2 Kf6 32. Ke2 Kg6 33. Kf3 Kh5 34. Kg3 Nd3 35. Na4 Nf4 36. Nc5 Kg6 37. Kf3 Kf6 38. Nd7+ Ke7 39. Nxe5 Nh5 40. Nxc6+ Kf6 41. Kg4 Ng7 42. e5+ Kg6 43. Nd8 h5+ 44. Kf4 Kh6 45. Nf7+ Kg6 46. Ng5 Kh6 47. Ke4 Kg6 48. f3 Kh6 49. f4 Kg6 50. Nxe6 Nxe6 51. f5+ Kf7 52. fxe6+ Kxe6 53. Kf4 Ke7 54. Kg5 Ke6 55. Kxh5 Kxe5 56. Kg6 Ke6 57. h5 Ke7 58. Kg7 1-0

[Event "GRE-chT Online Rapid op 1st"]
[Site "Tornelo INT"]
[Date "2021.02.21"]
[Round "8.5"]
[White "Zenelis, Konstantinos"]
[Black "Papadopoulos, Asterios"]
[Result "0-1"]
[WhiteElo "2058"]
[BlackElo "1880"]
[PlyCount "102"]
[EventDate "2021.02.20"]
[EventType "team-swiss (rapid)"]
[EventRounds "9"]
[EventCountry "GRE"]
[SourceTitle "EXT 2023"]
[Source "ChessBase"]
[SourceDate "2022.10.05"]
[SourceVersion "1"]
[SourceVersionDate "2022.10.05"]
[SourceQuality "1"]

1. e4 c5 2. Nc3 e6 3. g3 d5 4. Bg2 d4 5. Nce2 Nc6 6. d3 Nf6 7. f4 b5 8. a4 bxa4 9. Rxa4 e5 10. Nf3 Nd7 11. 0-0 Bd6 12. Bd2 0-0 13. b3 a5 14. h3 Bb7 15. g4 exf4 16. Nxf4 Nce5 17. Qe2 Nxf3+ 18. Bxf3 Ne5 19. Bg2 Bc6 20. Ra2 a4 21. bxa4 Rxa4 22. Rfa1 Qd7 23. Nh5 Rfa8 24. Rxa4 Rxa4 25. Rxa4 Bxa4 26. Bh6 Bf8 27. Qd2 Qb5 28. Bf4 Qb1+ 29. Kf2 f6 30. Bxe5 fxe5 31. Bf3 Qxc2 32. Qxc2 Bxc2 33. Ke2 Be7 34. Ng3 g6 35. Kd2 Bb3 36. Bd1 Bg5+ 37. Ke2 c4 38. dxc4 Bxc4+ 39. Kf3 Kf7 40. Be2 Bxe2+ 41. Nxe2 Ke6 42. Kg3 Kd6 43. h4 Be3 44. h5 Kc5 45. Kf3 Kc4 46. Ng3 Bf4 47. Ne2 Bg5 48. Ng3 d3 49. Nf1 Kc3 50. hxg6 hxg6 51. Kf2 Kc2 0-1

[Event "GRE-chT Online Rapid op 1st"]
[Site "Tornelo INT"]
[Date "2021.02.20"]
[Round "3.10"]
[White "Papadopoulos, Asterios"]
[Black "Avgoustis, Panagiotis"]
[Result "1/2-1/2"]
[WhiteElo "1880"]
[BlackElo "1995"]
[PlyCount "92"]
[EventDate "2021.02.20"]
[EventType "team-swiss (rapid)"]
[EventRounds "9"]
[EventCountry "GRE"]
[SourceTitle "EXT 2023"]
[Source "ChessBase"]
[SourceDate "2022.10.05"]
[SourceVersion "1"]
[SourceVersionDate "2022.10.05"]
[SourceQuality "1"]

1. e4 c5 2. c3 Nf6 3. e5 Nd5 4. Nf3 e6 5. d4 cxd4 6. cxd4 d6 7. Bc4 Nb6 8. Bb5+ Bd7 9. Bd3 Bc6 10. Nc3 Be7 11. 0-0 0-0 12. Qe2 N8d7 13. Rd1 dxe5 14. dxe5 Qc7 15. Nd4 Qxe5 16. Nxc6 bxc6 17. h3 Qxe2 18. Bxe2 Nd5 19. Bd2 Rab8 20. b3 N7f6 21. Bf3 Rfd8 22. Ne4 Nxe4 23. Bxe4 f5 24. Bf3 Ba3 25. Bc1 Bxc1 26. Raxc1 Rb6 27. Rc4 Ra6 28. Rd2 Kf8 29. g4 g6 30. a4 Rb6 31. Bxd5 Rxd5 32. Rdc2 Rxb3 33. Rxc6 Ke7 34. Re2 Rd6 35. Rc7+ Rd7 36. Rc6 Rxh3 37. Rexe6+ Kd8 38. gxf5 gxf5 39. Rf6 Rf3 40. Rf8+ Ke7 41. Rcf6 Rd1+ 42. Kg2 Rf4 43. R8f7+ Ke8 44. Rf8+ Ke7 45. R8f7+ Ke8 46. Rf8+ Ke7 1/2-1/2

[Event "Athens Chess Square Spring op"]
[Site "Athens"]
[Date "2019.06.08"]
[Round "5"]
[White "Koerant, Filipos"]
[Black "Papadopoulos, Asterios"]
[Result "1-0"]
[WhiteElo "1753"]
[BlackElo "1922"]
[PlyCount "61"]
[EventDate "2019.05.11"]
[EventType "swiss"]
[EventRounds "7"]
[EventCountry "GRE"]
[SourceTitle "EXT 2020"]
[Source "ChessBase"]
[SourceDate "2019.10.17"]
[SourceVersion "1"]
[SourceVersionDate "2019.10.17"]
[SourceQuality "1"]

1. d4 e6 2. e4 d5 3. Bd3 Bd7 4. Nc3 dxe4 5. Bxe4 Bc6 6. Nf3 Bxe4 7. Nxe4 Nf6 8. Nxf6+ gxf6 9. Qe2 Qd5 10. Bf4 Bd6 11. c4 Bb4+ 12. Kf1 Qd7 13. c5 Nc6 14. Be3 e5 15. a3 e4 16. Nh4 Nxd4 17. Bxd4 Qxd4 18. Qb5+ c6 19. Qxb4 Qd3+ 20. Kg1 0-0-0 21. Nf5 Qd1+ 22. Qe1 Qh5 23. Nd6+ Kb8 24. Qe3 Rhg8 25. h4 Rg4 26. Rh3 f5 27. Qb3 Rd7 28. Qc3 Rd8 29. Qe5 Ka8 30. Qe7 Rb8 31. Ne8 1-0

[Event "Athens Spring Square op"]
[Site "Athens"]
[Date "2018.05.12"]
[Round "1"]
[White "Papadopoulos, Asterios"]
[Black "Valoukos, Efstathios"]
[Result "1-0"]
[WhiteElo "2004"]
[BlackElo "1451"]
[PlyCount "63"]
[EventDate "2018.05.12"]
[EventType "swiss"]
[EventRounds "7"]
[EventCountry "GRE"]
[SourceTitle "EXT 2019"]
[Source "ChessBase"]
[SourceDate "2018.10.10"]
[SourceVersion "1"]
[SourceVersionDate "2018.10.10"]
[SourceQuality "1"]

1. e4 c6 2. Nc3 d5 3. Nf3 Bg4 4. h3 Bh5 5. exd5 cxd5 6. g4 Bg6 7. Ne5 a6 8. Bg2 e6 9. d4 Nc6 10. Nxg6 hxg6 11. Be3 Bb4 12. a3 Be7 13. Qd2 Nf6 14. b4 Rc8 15. Na4 b5 16. Nc5 Bxc5 17. bxc5 Na5 18. a4 Nc4 19. Qb4 Qc7 20. Bg5 Rb8 21. axb5 axb5 22. c3 0-0 23. Bh4 Qb7 24. Bg3 Ra8 25. 0-0 Nd2 26. Rfd1 Nfe4 27. Bf4 Nc4 28. Rab1 Ra4 29. Qxa4 Nxc3 30. Qxc4 bxc4 31. Rxb7 Nxd1 32. c6 1-0

[Event "GRE-chT 43rd"]
[Site "Porto Rio"]
[Date "2015.10.12"]
[Round "7.3"]
[White "Petrakis, Stylianos"]
[Black "Papadopoulos, Asterios"]
[Result "1/2-1/2"]
[WhiteElo "1921"]
[BlackElo "1884"]
[PlyCount "130"]
[EventDate "2015.10.08"]
[EventType "team-swiss"]
[EventRounds "7"]
[EventCountry "GRE"]
[SourceTitle "CBM 168 Extra"]
[Source "ChessBase"]
[SourceDate "2015.10.29"]
[SourceVersion "1"]
[SourceVersionDate "2015.10.29"]
[SourceQuality "1"]
[WhiteTeam "Chania Kaissa"]
[BlackTeam "Nice Fysiolatris"]
[WhiteTeamCountry "GRE"]
[BlackTeamCountry "GRE"]

1. e4 c5 2. Nf3 Nc6 3. d4 cxd4 4. Nxd4 g6 5. c4 Bg7 6. Be3 Nf6 7. Nc3 0-0 8. Be2 d6 9. 0-0 Bd7 10. Qd2 Nxd4 11. Bxd4 Bc6 12. f3 a5 13. b3 Nd7 14. Bxg7 Kxg7 15. Qd4+ f6 16. Rac1 Qb6 17. Qxb6 Nxb6 18. Nd5 Bxd5 19. cxd5 Rfc8 20. Bb5 Kf7 21. Kf2 e5 22. dxe6+ Kxe6 23. Ke3 d5 24. exd5+ Kxd5 25. Rfd1+ Ke5 26. Bc4 Nxc4+ 27. Rxc4 Rxc4 28. bxc4 Rc8 29. Rd5+ Ke6 30. Kd4 b6 31. a4 Rb8 32. f4 h5 33. g3 Rc8 34. h4 Rb8 35. Rb5 Rd8+ 36. Rd5 Rb8 37. Ke4 Rc8 38. Kd3 Rb8 39. Kd4 Rc8 40. Rb5 Rd8+ 41. Ke4 Rd6 42. c5 bxc5 43. Rxc5 Rb6 44. Kf3 Rb3+ 45. Kg2 Rb2+ 46. Kh3 f5 47. Rxa5 Ra2 48. Ra6+ Kf7 49. a5 Kg7 50. Ra7+ Kg8 51. a6 Kh8 52. Rd7 Rxa6 53. Kg2 Ra2+ 54. Kf3 Ra3+ 55. Kf2 Ra2+ 56. Ke3 Ra3+ 57. Rd3 Ra7 58. Kd4 Rd7+ 59. Kc4 Rc7+ 60. Kb5 Kg7 61. Ra3 Rc1 62. Kb4 Rc7 63. Rc3 Rb7+ 64. Kc4 Kf6 65. Kd5 Rd7+ 1/2-1/2

[Event "GRE-ch U16"]
[Site "Rio Achaia"]
[Date "2015.07.02"]
[Round "9.6"]
[White "Papadopoulos, Asterios"]
[Black "Koutsidis, Achilleas"]
[Result "0-1"]
[WhiteElo "1870"]
[BlackElo "1624"]
[PlyCount "58"]
[EventDate "2015.06.26"]
[EventType "swiss"]
[EventRounds "9"]
[EventCountry "GRE"]
[SourceTitle "EXT 2024"]
[Source "ChessBase"]
[SourceDate "2023.10.10"]
[SourceVersion "1"]
[SourceVersionDate "2023.10.10"]
[SourceQuality "1"]

1. e4 c5 2. Nf3 d6 3. d4 cxd4 4. Nxd4 Nf6 5. Nc3 g6 6. Be3 Bg7 7. f3 Nc6 8. Qd2 0-0 9. 0-0-0 d5 10. Qe1 e5 11. Nxc6 bxc6 12. exd5 cxd5 13. Bg5 Bb7 14. Bc4 Qb6 15. Bxf6 Bxf6 16. Bxd5 e4 17. Bxb7 Qxb7 18. Qxe4 Qb6 19. Na4 Qc7 20. Rd5 Rfe8 21. Qd3 Qf4+ 22. Kb1 Qxa4 23. Rd1 Rab8 24. c3 Rec8 25. Ka1 Rc6 26. Rd7 Qb5 27. Qxb5 Rxb5 28. Rxa7 Rxc3 29. a4 Ra3+ 0-1

[Event "GRE-ch U16"]
[Site "Rio Achaia"]
[Date "2015.06.29"]
[Round "6.6"]
[White "Papadopoulos, Asterios"]
[Black "Gkikas, Vasilios"]
[Result "1/2-1/2"]
[WhiteElo "1870"]
[BlackElo "1774"]
[PlyCount "43"]
[EventDate "2015.06.26"]
[EventType "swiss"]
[EventRounds "9"]
[EventCountry "GRE"]
[SourceTitle "EXT 2024"]
[Source "ChessBase"]
[SourceDate "2023.10.10"]
[SourceVersion "1"]
[SourceVersionDate "2023.10.10"]
[SourceQuality "1"]

1. e4 e6 2. d4 d5 3. Nc3 Nf6 4. e5 Nfd7 5. Nf3 Be7 6. h4 h6 7. Be3 a6 8. g4 c5 9. Ne2 cxd4 10. Nexd4 Nc6 11. Nxc6 bxc6 12. c3 Qc7 13. Bf4 Rb8 14. Qd2 Qb6 15. b3 c5 16. Bg2 Bb7 17. 0-0 Rd8 18. Rae1 Nf8 19. h5 Nh7 20. Bg3 a5 21. Rb1 0-0 22. Kh1 1/2-1/2

[Event "Nikaia op 22nd"]
[Site "Nikaia"]
[Date "2014.08.26"]
[Round "1"]
[White "Papadopoulos, Asterios"]
[Black "Tsiros, Fragkiskos Vlasios"]
[Result "0-1"]
[WhiteElo "1723"]
[BlackElo "2108"]
[PlyCount "100"]
[EventDate "2014.08.26"]
[EventType "swiss"]
[EventRounds "9"]
[EventCountry "GRE"]
[SourceTitle "CBM 162 Extra"]
[Source "ChessBase"]
[SourceDate "2014.10.17"]
[SourceVersion "1"]
[SourceVersionDate "2014.10.17"]
[SourceQuality "1"]

1. e4 g6 2. d4 Bg7 3. Nc3 d6 4. Bc4 Nf6 5. Bb3 0-0 6. f3 Nbd7 7. Be3 c5 8. Nge2 b6 9. Qd2 Ba6 10. a4 cxd4 11. Nxd4 Nc5 12. Ba2 Rc8 13. Bh6 Qd7 14. Bxg7 Kxg7 15. Kf2 h6 16. h4 e5 17. h5 exd4 18. hxg6 Rh8 19. Qxd4 fxg6 20. Nd5 Rcf8 21. Rhd1 Ne6 22. Nxf6 Rxf6 23. Qxd6 Qxd6 24. Rxd6 Nc5 25. Rd4 Re8 26. Kg3 Bc8 27. Bc4 Be6 28. Bb5 Re7 29. b4 Nd7 30. a5 g5 31. Rd6 bxa5 32. Rxa5 Nb6 33. Rd4 Rc7 34. e5 Rff7 35. Rd6 Rfe7 36. Bd3 Nc4 37. Bxc4 Rxc4 38. Raa6 Kf7 39. Rd8 Rxb4 40. Ra8 Rbb7 41. Rc6 Rec7 42. Rxc7+ Rxc7 43. c3 Kg6 44. Rf8 Bf7 45. Rd8 Kf5 46. Rd6 Be6 47. Rd8 Rc8 48. Rd6 Rxc3 49. Ra6 Rc7 50. Ra5 Bc4 0-1

[Event "GRE-ch U16"]
[Site "Greece"]
[Date "2014.07.07"]
[Round "6"]
[White "Papadopoulos, Asterios"]
[Black "Prokopiou, Ioannis"]
[Result "1-0"]
[WhiteElo "1742"]
[BlackElo "1597"]
[PlyCount "77"]
[EventDate "2014.07.04"]
[EventType "swiss"]
[EventRounds "9"]
[EventCountry "GRE"]
[SourceTitle "EXT 2017"]
[Source "ChessBase"]
[SourceDate "2016.10.25"]
[SourceVersion "1"]
[SourceVersionDate "2016.10.25"]
[SourceQuality "1"]

1. e4 c6 2. d4 d5 3. Nc3 dxe4 4. Nxe4 Bf5 5. Ng3 Bg6 6. h4 h6 7. f4 e6 8. h5 Bh7 9. Nf3 Nf6 10. Bd3 Bxd3 11. Qxd3 Nbd7 12. Bd2 Be7 13. 0-0-0 Qc7 14. Ne5 Nxe5 15. fxe5 Nd7 16. Qf3 f5 17. exf6 Bxf6 18. Bf4 Qa5 19. Qb3 0-0-0 20. Ne4 Be7 21. Bd6 Rde8 22. Bxe7 Rxe7 23. Nd6+ Kc7 24. Nc4 Qd5 25. Kb1 a6 26. Qg3+ Kd8 27. Nd6 b5 28. Qa3 Nb8 29. Qa5+ Kd7 30. Nb7 Rc8 31. Nc5+ Ke8 32. b3 Qxg2 33. Nxa6 Ra7 34. Qe1 Rxa6 35. Qxe6+ Kd8 36. Qd6+ Ke8 37. Rhf1 Nd7 38. Rde1+ Kd8 39. Rf8# 1-0

[Event "GRE-ch U16"]
[Site "Greece"]
[Date "2014.07.07"]
[Round "5"]
[White "Samakas, Stavros"]
[Black "Papadopoulos, Asterios"]
[Result "1-0"]
[WhiteElo "1600"]
[BlackElo "1742"]
[PlyCount "65"]
[EventDate "2014.07.04"]
[EventType "swiss"]
[EventRounds "9"]
[EventCountry "GRE"]
[SourceTitle "EXT 2017"]
[Source "ChessBase"]
[SourceDate "2016.10.25"]
[SourceVersion "1"]
[SourceVersionDate "2016.10.25"]
[SourceQuality "1"]

1. e4 c5 2. Nf3 Nc6 3. d4 cxd4 4. Nxd4 g6 5. c4 Bg7 6. Be3 Nf6 7. Nc3 0-0 8. Be2 d6 9. 0-0 Bd7 10. Rc1 Nxd4 11. Bxd4 Bc6 12. f3 Nd7 13. b4 Bxd4+ 14. Qxd4 Qb6 15. Qxb6 Nxb6 16. Rc2 f5 17. Nd5 Ba4 18. Rc3 Nxd5 19. cxd5 fxe4 20. fxe4 Rxf1+ 21. Kxf1 Kf7 22. Kf2 b5 23. Ke3 a5 24. a3 axb4 25. axb4 Ra7 26. Rc6 Kf6 27. Kd4 e5+ 28. dxe6 Kxe6 29. e5 Ke7 30. exd6+ Kd7 31. Kc5 Rb7 32. Bg4+ Ke8 33. Rc8+ 1-0

[Event "GRE-chT 42nd"]
[Site "Porto Rio"]
[Date "2014.07.03"]
[Round "7.9"]
[White "Papadopoulos, Georgios3"]
[Black "Papadopoulos, Asterios"]
[Result "1-0"]
[WhiteElo "2049"]
[BlackElo "1742"]
[PlyCount "109"]
[EventDate "2014.06.28"]
[EventType "team-swiss"]
[EventRounds "7"]
[EventCountry "GRE"]
[SourceTitle "CBM 161 Extra"]
[Source "ChessBase"]
[SourceDate "2014.08.29"]
[SourceVersion "1"]
[SourceVersionDate "2014.08.29"]
[SourceQuality "1"]
[WhiteTeam "Peristeriou CP"]
[BlackTeam "Nice Fysiolatris"]
[WhiteTeamCountry "GRE"]
[BlackTeamCountry "GRE"]

1. d4 Nf6 2. c4 e6 3. Nf3 d5 4. Nc3 Be7 5. Bg5 h6 6. Bh4 0-0 7. e3 c6 8. Bd3 b6 9. 0-0 dxc4 10. Bxc4 Bb7 11. e4 Re8 12. Re1 Nbd7 13. Bb3 Nf8 14. Qd3 Ng6 15. Bxf6 Bxf6 16. e5 Bg5 17. g3 h5 18. Nxg5 Qxg5 19. Ne4 Qh6 20. Nd6 Re7 21. Rac1 c5 22. Nxb7 Rxb7 23. dxc5 bxc5 24. Qe4 Rab8 25. Rxc5 Rb4 26. Qe3 Qxe3 27. Rxe3 Ne7 28. Rd3 Nf5 29. Rd7 R8b7 30. Rc8+ Kh7 31. Rcc7 Rxc7 32. Rxc7 Nd4 33. Rxf7 a5 34. Ra7 Nxb3 35. axb3 Rb5 36. f4 Kg8 37. Kg2 Rxb3 38. Rxa5 Rxb2+ 39. Kh3 Kf7 40. Ra7+ Kg6 41. Re7 Rb6 42. Kh4 Rc6 43. Re8 Rc2 44. h3 Kf7 45. Rh8 g6 46. Rh7+ Kf8 47. Kg5 Rg2 48. Kf6 Ke8 49. Kxe6 Kd8 50. Kf7 Rxg3 51. e6 Re3 52. Rh8+ Kc7 53. e7 g5 54. fxg5 Rf3+ 55. Kg7 1-0

[Event "GRE-chT 42nd"]
[Site "Porto Rio"]
[Date "2014.06.30"]
[Round "4.9"]
[White "Papadopoulos, Asterios"]
[Black "Giavasopoulos, Thomas"]
[Result "1-0"]
[WhiteElo "1742"]
[BlackElo "1556"]
[PlyCount "71"]
[EventDate "2014.06.28"]
[EventType "team-swiss"]
[EventRounds "7"]
[EventCountry "GRE"]
[SourceTitle "CBM 161 Extra"]
[Source "ChessBase"]
[SourceDate "2014.08.29"]
[SourceVersion "1"]
[SourceVersionDate "2014.08.29"]
[SourceQuality "1"]
[WhiteTeam "Nice Fysiolatris"]
[BlackTeam "Irakleiou Contact"]
[WhiteTeamCountry "GRE"]
[BlackTeamCountry "GRE"]

1. e4 e6 2. d4 d5 3. Nc3 Bb4 4. e5 c5 5. a3 Bxc3+ 6. bxc3 Ne7 7. Ne2 Nbc6 8. f4 Nf5 9. g3 Qb6 10. g4 Nh4 11. Bh3 cxd4 12. Nxd4 Qc5 13. Bb2 Na5 14. 0-0 Nc4 15. Qc1 Ng6 16. Kh1 Bd7 17. a4 Rc8 18. Rf3 Ne7 19. Bf1 a6 20. Bxc4 Qxc4 21. f5 exf5 22. Qg5 g6 23. Qf6 Rf8 24. Ba3 Rc5 25. Qd6 b6 26. Qxb6 Rc6 27. Nxc6 Qxc6 28. Qb4 Qe6 29. gxf5 gxf5 30. Qb8+ Bc8 31. Rb1 d4 32. Qc7 Nd5 33. Qc5 Rg8 34. Rb8 Ne7 35. cxd4 Rg6 36. Qxe7+ 1-0

[Event "GRE-chT 42nd"]
[Site "Porto Rio"]
[Date "2014.06.29"]
[Round "3.9"]
[White "Apostolakakis, Konstantinos"]
[Black "Papadopoulos, Asterios"]
[Result "1/2-1/2"]
[WhiteElo "1857"]
[BlackElo "1742"]
[PlyCount "70"]
[EventDate "2014.06.28"]
[EventType "team-swiss"]
[EventRounds "7"]
[EventCountry "GRE"]
[SourceTitle "CBM 161 Extra"]
[Source "ChessBase"]
[SourceDate "2014.08.29"]
[SourceVersion "1"]
[SourceVersionDate "2014.08.29"]
[SourceQuality "1"]
[WhiteTeam "Kavalas CN"]
[BlackTeam "Nice Fysiolatris"]
[WhiteTeamCountry "GRE"]
[BlackTeamCountry "GRE"]

1. e4 c5 2. Nf3 Nc6 3. d4 cxd4 4. Nxd4 g6 5. c4 Bg7 6. Be3 Nf6 7. Nc3 0-0 8. Be2 d6 9. 0-0 Bd7 10. Rc1 Nxd4 11. Bxd4 Bc6 12. f3 Nd7 13. Bxg7 Kxg7 14. Qd4+ f6 15. Nd5 a5 16. b3 Nc5 17. Rfd1 Rc8 18. f4 e6 19. Nc3 Qb6 20. Kh1 Rcd8 21. f5 e5 22. Qe3 Na4 23. Qf3 Nxc3 24. Rxc3 g5 25. Rcd3 Qc5 26. Qg4 Be8 27. Rd5 Qb4 28. Qf3 Bc6 29. R5d3 Qc5 30. Qe3 Qxe3 31. Rxe3 Rd7 32. g4 Kf7 33. Kg2 Ke7 34. Kf3 Rh8 35. Kf2 Kd8 1/2-1/2

[Event "GRE-chT 42nd"]
[Site "Porto Rio"]
[Date "2014.06.28"]
[Round "1.9"]
[White "Papadopoulos, Asterios"]
[Black "Tsihlis, Hristos Panagiotis"]
[Result "1-0"]
[WhiteElo "1742"]
[BlackElo "1544"]
[PlyCount "53"]
[EventDate "2014.06.28"]
[EventType "team-swiss"]
[EventRounds "7"]
[EventCountry "GRE"]
[SourceTitle "CBM 161 Extra"]
[Source "ChessBase"]
[SourceDate "2014.08.29"]
[SourceVersion "1"]
[SourceVersionDate "2014.08.29"]
[SourceQuality "1"]
[WhiteTeam "Nice Fysiolatris"]
[BlackTeam "Saint Nicholas Lato"]
[WhiteTeamCountry "GRE"]
[BlackTeamCountry "GRE"]

1. e4 e5 2. Nf3 Nc6 3. d4 exd4 4. Nxd4 Nf6 5. Nxc6 bxc6 6. e5 Qe7 7. Qe2 Nd5 8. c4 Ba6 9. b3 g6 10. Bb2 Bg7 11. g3 0-0 12. Bh3 d6 13. e6 f5 14. 0-0 Bxb2 15. Qxb2 Nb6 16. Re1 Rf6 17. Nd2 Rxe6 18. Nf3 c5 19. Rxe6 Qxe6 20. Re1 Qd7 21. Qe2 Bb7 22. Ng5 h6 23. Nf3 Kf7 24. Nh4 Nc8 25. Bxf5 Qxf5 26. Nxf5 gxf5 27. Qh5+ 1-0

[Event "GRE-ch U14"]
[Site "Patras"]
[Date "2013.07.11"]
[Round "6.1"]
[White "Papadopoulos, Asterios"]
[Black "Papadopoulos, Zisis"]
[Result "1-0"]
[WhiteElo "1719"]
[BlackElo "1466"]
[PlyCount "127"]
[EventDate "2013.07.08"]
[EventType "swiss"]
[EventRounds "9"]
[EventCountry "GRE"]
[SourceTitle "EXT 2024"]
[Source "ChessBase"]
[SourceDate "2023.10.10"]
[SourceVersion "1"]
[SourceVersionDate "2023.10.10"]
[SourceQuality "1"]

1. e4 c5 2. Nf3 d6 3. d4 cxd4 4. Nxd4 Nf6 5. Nc3 a6 6. Be3 e5 7. Nb3 Be6 8. h3 Be7 9. Qf3 Nbd7 10. g4 Nb6 11. 0-0-0 Qc7 12. Kb1 Rc8 13. g5 Nfd7 14. Bd3 Nc4 15. Nd5 Bxd5 16. exd5 Nxe3 17. Qxe3 Nc5 18. Bf5 Nd7 19. c3 g6 20. Bg4 h5 21. Be2 Qb6 22. Qg3 Nc5 23. Nxc5 Rxc5 24. Qe3 Qd8 25. h4 Qd7 26. Rhe1 Qf5+ 27. Ka1 Kf8 28. Bf1 Qg4 29. Qe4 Bd8 30. f3 Qxe4 31. Rxe4 f6 32. Rb4 Rc7 33. gxf6 Bxf6 34. Bh3 Rhh7 35. f4 Rhe7 36. Be6 Kg7 37. Rg1 Kh7 38. Re4 b5 39. a4 Rc4 40. Rxc4 bxc4 41. f5 Rg7 42. fxg6+ Kh6 43. Bf7 Bxh4 44. b4 Bd8 45. Kb2 Bb6 46. Rg2 h4 47. a5 Ba7 48. Kc2 Kh5 49. Kd2 e4 50. Ke2 h3 51. Rh2 Kh4 52. Be6 Rxg6 53. Rxh3+ Kg5 54. Rg3+ Kf6 55. Rxg6+ Kxg6 56. Bc8 Kf6 57. Bxa6 Ke7 58. Bxc4 Kd7 59. b5 Bc5 60. Kd2 Kc8 61. Kc2 Kb8 62. Kb3 Ka8 63. Ka4 e3 64. b6 1-0

[Event "Nikea Fysiolatriko-A 11th"]
[Site "Nikea"]
[Date "2013.06.19"]
[Round "1"]
[White "Delithanasis, Dimitrios"]
[Black "Papadopoulos, Asterios"]
[Result "1-0"]
[WhiteElo "2184"]
[BlackElo "1709"]
[PlyCount "91"]
[EventDate "2013.06.19"]
[EventType "swiss"]
[EventRounds "9"]
[EventCountry "GRE"]
[SourceTitle "EXT 2024"]
[Source "ChessBase"]
[SourceDate "2023.10.10"]
[SourceVersion "1"]
[SourceVersionDate "2023.10.10"]
[SourceQuality "1"]

1. Nf3 Nf6 2. c4 e6 3. d4 d5 4. Nc3 Be7 5. Bf4 0-0 6. Rc1 c6 7. e3 Nbd7 8. h3 b6 9. cxd5 exd5 10. Bd3 Bb7 11. 0-0 Rc8 12. a3 c5 13. Nb5 a6 14. Nd6 Bxd6 15. Bxd6 Re8 16. Bh2 Ne4 17. Bb1 Qf6 18. Nd2 cxd4 19. Nxe4 dxe4 20. Qxd4 Qxd4 21. exd4 f5 22. Ba2+ Kh8 23. Rxc8 Rxc8 24. Be6 Rd8 25. Bxf5 Nf6 26. Be5 Bc8 27. Bxc8 Rxc8 28. Re1 Rc2 29. b4 Ra2 30. Bxf6 gxf6 31. Rxe4 a5 32. Re6 Rxa3 33. Rxf6 axb4 34. Rxb6 b3 35. Rb7 Ra4 36. Rxb3 Rxd4 37. Rb7 Rd2 38. h4 Kg8 39. h5 Rd4 40. g3 Rg4 41. Rb5 Rc4 42. Kg2 Kg7 43. Kh3 Kf6 44. f4 Ra4 45. Kg4 h6 46. Rb7 1-0

[Event "Nikaia op-A 20th"]
[Site "Nikea"]
[Date "2012.08.30"]
[Round "6.29"]
[White "Androni, Konstantina"]
[Black "Papadopoulos, Asterios"]
[Result "1/2-1/2"]
[WhiteElo "1888"]
[BlackElo "1726"]
[PlyCount "100"]
[EventDate "2012.08.26"]
[EventType "swiss"]
[EventRounds "9"]
[EventCountry "GRE"]
[SourceTitle "EXT 2024"]
[Source "ChessBase"]
[SourceDate "2023.10.10"]
[SourceVersion "1"]
[SourceVersionDate "2023.10.10"]
[SourceQuality "1"]

1. d4 d5 2. Nf3 Nf6 3. c4 e6 4. Nc3 Be7 5. Bg5 h6 6. Bh4 0-0 7. e3 b6 8. cxd5 Nxd5 9. Bxe7 Qxe7 10. Bd3 Bb7 11. 0-0 c5 12. Ne5 cxd4 13. exd4 Nd7 14. Re1 N7f6 15. Rc1 Nf4 16. Bf1 N4d5 17. g3 Rfd8 18. Bh3 a6 19. Nxf7 Kxf7 20. Bxe6+ Qxe6 21. Rxe6 Kxe6 22. Qb3 Rac8 23. Re1+ Kf7 24. Na4 Re8 25. Re5 Kf8 26. Nc3 Nxc3 27. bxc3 b5 28. a4 Rxe5 29. dxe5 Nd5 30. Qa3+ Kg8 31. Qd6 bxa4 32. Qd7 Rc7 33. Qxa4 Rxc3 34. f4 Rf3 35. Qe8+ Kh7 36. Kg2 Nxf4+ 37. gxf4 Rxf4+ 38. Kg3 Rf3+ 39. Kg4 Rc3 40. e6 Rc4+ 41. Kf5 Be4+ 42. Ke5 Bg6 43. Qa8 Rh4 44. e7 Rxh2 45. Qxa6 Rh5+ 46. Kd6 Rh1 47. Qe2 Ra1 48. e8Q Bxe8 49. Qxe8 Ra6+ 50. Ke5 Rf6 1/2-1/2